Hijos de la libertad / (Record no. 74859)
[ view plain ]
| 000 -LEADER | |
|---|---|
| fixed length control field | 00755cam a2200241 4500 |
| 008 - FIXED-LENGTH DATA ELEMENTS--GENERAL INFORMATION | |
| fixed length control field | 070823s2002 mx 000 0 spa u |
| 020 ## - INTERNATIONAL STANDARD BOOK NUMBER | |
| International Standard Book Number | 9505572727(primera edición) |
| 020 ## - INTERNATIONAL STANDARD BOOK NUMBER | |
| International Standard Book Number | 9681665287(segunda edición) |
| 100 ## - MAIN ENTRY--PERSONAL NAME | |
| Personal name | |
| 245 #4 - TITLE STATEMENT | |
| Title | Hijos de la libertad / |
| Statement of responsibility, etc | Ulrich Beck comp. ; tr de M;ariana Rojas Bermúdez. |
| 250 ## - EDITION STATEMENT | |
| Edition statement | 2a ed. |
| 260 ## - PUBLICATION, DISTRIBUTION, ETC. (IMPRINT) | |
| Place of publication, distribution, etc | México : |
| Name of publisher, distributor, etc | Fondo de Cultura Económica, |
| Date of publication, distribution, etc | 2002 |
| 300 ## - PHYSICAL DESCRIPTION | |
| Extent | 357 p. : |
| Dimensions | 23 cm. |
| 440 ## - SERIES STATEMENT/ADDED ENTRY--TITLE | |
| Title | Sección de obras de sociología |
| 500 ## - GENERAL NOTE | |
| General note | Traducción de :Kinder freiheit |
| 650 #4 - SUBJECT ADDED ENTRY--TOPICAL TERM | |
| Topical term or geographic name as entry element | Moral |
| General subdivision | Sociedad |
| 650 #4 - SUBJECT ADDED ENTRY--TOPICAL TERM | |
| Topical term or geographic name as entry element | Etica |
| General subdivision | Sociedad |
| 700 1# - ADDED ENTRY--PERSONAL NAME | |
| Personal name | Beck, Ulrich, comp. |
| 700 1# - ADDED ENTRY--PERSONAL NAME | |
| Personal name | Rojas Bermúdez, Mariana, tr. |
| 942 ## - ADDED ENTRY ELEMENTS (KOHA) | |
| Source of classification or shelving scheme | |
| Koha item type | Libro |
| Estado de pérdida | Fuente de clasificación | Estado del daño | No para préstamo | Ubicación permanente | Ubicación actual | Apartado o colección | Fecha de adquisición | Fuente de adquisición | Edición | Área del conocimiento | Clasificación | Código de Barras | Date last seen | Número de copia | Tipo de recurso | Enumeración de Serie / Cronológica |
|---|---|---|---|---|---|---|---|---|---|---|---|---|---|---|---|---|
| Biblioteca del Cogreso de los Estados Unidos | Biblioteca de la Unidad de Ciencias Ingeniería y Humanidades | Biblioteca de la Unidad de Ciencias Ingeniería y Humanidades | General | 03/07/2018 | 2a. ed. | Educación y Humanidades | BJ1114 H54 2002 | BCU000002038 | 03/07/2018 | C:1 | Libro | BCU000002038 | ||||
| Biblioteca del Cogreso de los Estados Unidos | Biblioteca de la Unidad de Ciencias Ingeniería y Humanidades | Biblioteca de la Unidad de Ciencias Ingeniería y Humanidades | General | 03/07/2018 | 2a. ed. | Educación y Humanidades | BJ1114 H54 2002 | BCU000002039 | 03/07/2018 | C:2 | Libro | BCU000002039 | ||||
| Biblioteca del Cogreso de los Estados Unidos | Biblioteca de la Unidad de Ciencias Ingeniería y Humanidades | Biblioteca de la Unidad de Ciencias Ingeniería y Humanidades | General | 03/07/2018 | 2a. ed. | Educación y Humanidades | BJ1114 H54 2002 | BCU000002040 | 03/07/2018 | C:3 | Libro | BCU000002040 | ||||
| Biblioteca del Cogreso de los Estados Unidos | Biblioteca del Instituto de Investigaciones Económicas y Empresariales | Biblioteca del Instituto de Investigaciones Económicas y Empresariales | General | 20/02/2015 | Programa Integral de Fortalecimiento Institucional 2010 | 2a ed. | Ciencias Sociales y Administrativas | BJ 1114 H54 r2002 | IIE000002745 | 20/02/2015 | C:1 | Libro |